00471nam a2200133Ia 4500008004100000082002000041100002100061245004400082260006100126300001000187942001200197999001900209952010900228210430s9999 xx 000 0 und d a620.118 A2442 A aA A Mufti952814 aAdvanced Composite MaterialscA A Mufti aCanadabThe Canadian Society for Civil Engineeringc1991 a296p. cBK2ddc c562725d562725 001040708NFICaSCMEbSCMEcGENd0000-00-00l0o620.118 A2442 ApSCME-1606r2021-04-30w2021-04-30yBK